LDR 01308nam a2200289 i 4500 001 000000170640 003 CaOOAMICUS 005 20260325114748.0 008 080404s1980 pl u000 u pol u 020 $a84-499-3272-6 040 $aSeMil$bita 130 0 $aBibbia.$0(OLS)http://semarc/title/402691 245 10$aPismo Święte Nowego Testamentu :$bw przekładzie z języka greckiego /$copraconoat ks. Kazimierz Romaniuk. 246 04$iTitolo in copertina:$aNowy Testament 260 $aPoznan :$bKsiegarnia Snoietego Wojciecha,$c1980. 300 $a610 p., [2] carte di tav. geog. ;$c16 cm. 650 4$aBibbia - Traduzioni polacche.$0(OLS)http://semarc/subject/59857 700 1 $aRomaniuk, Kazimierz,$d<1927-2025>.$0(OLS)http://semarc/name/30351 850 $aSeMil 852 $aSeMil$W1$xVenegono$y1$m2VA I 91$j268989$B121523$CSeMilBibl$Z2$F132977 $81 941 1 $a3 961 $aLascito: Colombo Card. Giovanni 996 $6020$a84-499-3272-6$9(OLS)http://semarc/number/157639 996 $6245$aPismo Święte Nowego Testamentu :$bw przekładzie z języka greckiego$9(OLS)http://semarc/title/244074 996 $6246$aNowy Testament$9(OLS)http://semarc/title/244075 996 $6260$aPoznan :$bKsiegarnia Snoietego Wojciecha$9(OLS)http://semarc/publisher/48962